Negotiation / (Record no. 346056)
[ view plain ]
| 000 -LEADER | |
|---|---|
| fixed length control field | 01062 a2200217 4500 |
| 020 ## - INTERNATIONAL STANDARD BOOK NUMBER | |
| International Standard Book Number | 0071244603 |
| 020 ## - INTERNATIONAL STANDARD BOOK NUMBER | |
| International Standard Book Number | 9780071244602 |
| 090 ## - LOCALLY ASSIGNED LC-TYPE CALL NUMBER (OCLC); LOCAL CALL NUMBER (RLIN) | |
| -- | 3584 |
| -- | 3584 |
| 100 1# - MAIN ENTRY--PERSONAL NAME | |
| Personal name | Lewicki, Roy J. |
| 245 10 - TITLE STATEMENT | |
| Title | Negotiation / |
| Statement of responsibility, etc. | Roy J. Lewicki. |
| 250 ## - EDITION STATEMENT | |
| Edition statement | 5th ed. |
| 260 ## - PUBLICATION, DISTRIBUTION, ETC. | |
| Place of publication, distribution, etc. | [S.l.] : |
| Name of publisher, distributor, etc. | McGraw Hill Higher Education, |
| Date of publication, distribution, etc. | 2005. |
| 300 ## - PHYSICAL DESCRIPTION | |
| Extent | 608 p. ; |
| Dimensions | 23 cm. |
| 500 ## - GENERAL NOTE | |
| General note | Paperback. |
| 520 ## - SUMMARY, ETC. | |
| Summary, etc. | Negotiation is a critical skill needed for effective management. "Negotiation, 5/e", explores the major concepts and theories of the psychology of bargaining and negotiation, and the dynamics of interpersonal and intergroup conflict and its resolution. It is relevant to a broad spectrum of management students, not only human resource management or industrial relations candidates. |
| 700 1# - ADDED ENTRY--PERSONAL NAME | |
| Personal name | Saunders, David M. |
| 700 1# - ADDED ENTRY--PERSONAL NAME | |
| Personal name | Barry, Bruce. |
| 856 40 - ELECTRONIC LOCATION AND ACCESS | |
| Materials specified | Amazon.com |
| Uniform Resource Identifier | <a href="http://www.amazon.com/exec/obidos/ASIN/0071244603/chopaconline-20">http://www.amazon.com/exec/obidos/ASIN/0071244603/chopaconline-20</a> |
| 856 40 - ELECTRONIC LOCATION AND ACCESS | |
| Materials specified | Amazon customer reviews |
| Uniform Resource Identifier | <a href="http://www.chopac.org/cgi-bin/tools/azrev.pl?q=0071244603">http://www.chopac.org/cgi-bin/tools/azrev.pl?q=0071244603</a> |
| 942 ## - ADDED ENTRY ELEMENTS (KOHA) | |
| Institution code [OBSOLETE] | NBS |
| Koha item type | Book |
| Call number prefix | 658.4052 LEW |
| Withdrawn status | Lost status | Damaged status | Not for loan | Permanent Location | Current Location | Date acquired | Total Checkouts | Total Renewals | Full call number | Barcode | Date last seen | Date last checked out | Price effective from | Koha item type |
|---|---|---|---|---|---|---|---|---|---|---|---|---|---|---|
| Central Library (CL) | Central Library (CL) | 08/28/2013 | 5 | 3 | 658.4052 LEW | NBS7318 | 09/28/2020 | 01/22/2020 | 08/28/2013 | Book |
